000 00762nam a2200253Ia 4500
003 OSt
005 20220925215255.0
006 a|||||r|||| 00| 0
007 ta
008 220923b |||||||| |||| 00| 0 eng d
020 _a043580409X
037 _cGeneral Book
040 _aRTL
_cRTL
_beng
041 _2eng
_aeng
082 _aY9(T)v5, M2
100 _aHartnett Anthony Ed.
_9282449
245 0 _aSocial sciences in educational studies
_b A selective guide to the literature
260 _aLondon
_bHeinemann Educational Books
_c1982
300 _a294p
_ccm.
500 _aBibliography p Chapterwise
650 _aSociology of Education
942 _hY9(T)v5, M2
_cGB
_2CC
999 _c568312
_d568312